Adam Smith : The man and his works

Bewaard in:
Bibliografische gegevens
Hoofdauteur: West, E. G.
Formaat: Boek
Taal:Undetermined
Gepubliceerd in: Indianapolis Liberty press 1976
Onderwerpen:
Tags: Voeg label toe
Geen labels, Wees de eerste die dit record labelt!
Thư viện lưu trữ: Trung tâm Học liệu Trường Đại học Cần Thơ
LEADER 00492nam a2200193Ia 4500
001 CTU_82552
008 210402s9999 xx 000 0 und d
082 |a 330.0924 
082 |b W516 
100 |a West, E. G. 
245 0 |a Adam Smith : 
245 4 |b The man and his works 
245 0 |c E. G. West 
260 |a Indianapolis 
260 |b Liberty press 
260 |c 1976 
650 |a Economists 
904 |i Vương, QHieu 
980 |a Trung tâm Học liệu Trường Đại học Cần Thơ